Geographic Groups of Ten - Statistics

General Stats
  • This quiz has been taken 13,278 times
  • The average score is 51 of 80
Answer Stats
Answer % Correct
Countries Bordering Brazil Argentina
94%
Countries Bordering Brazil Paraguay
93%
Countries Bordering Brazil Bolivia
91%
Countries Bordering Brazil Venezuela
91%
Countries Bordering Brazil Peru
90%
Countries Bordering Brazil Suriname
90%
Countries Bordering Brazil Uruguay
90%
Countries Bordering Brazil Guyana
89%
Countries Bordering Brazil Colombia
87%
Landlocked Asian Countries Mongolia
86%
Global Cities New York
86%
Saharan Countries Algeria
85%
Saharan Countries Egypt
84%
Global Cities London
84%
University of California Campuses Los Angeles
83%
Landlocked Asian Countries Nepal
83%
Saharan Countries Libya
82%
Global Cities Paris
82%
Saharan Countries Morocco
80%
Landlocked Asian Countries Uzbekistan
80%
Saharan Countries Chad
79%
Saharan Countries Sudan
79%
Landlocked Asian Countries Turkmenistan
78%
Saharan Countries Mali
77%
Saharan Countries Tunisia
77%
Landlocked Asian Countries Bhutan
76%
Landlocked Asian Countries Tajikistan
76%
Global Cities Tokyo
76%
Non-Euro EU Countries United Kingdom
76%
Saharan Countries Niger
75%
Canadian Provinces Quebec
75%
Canadian Provinces Ontario
73%
Landlocked Asian Countries Afghanistan
72%
Canadian Provinces Alberta
70%
Landlocked Asian Countries Laos
70%
Saharan Countries Mauritania
70%
Landlocked Asian Countries Kazakhstan
69%
Canadian Provinces Newfoundland and Labrador
68%
Countries Bordering Brazil France
67%
Great Plains States Kansas
67%
Non-Euro EU Countries Sweden
66%
Great Plains States North Dakota
65%
Great Plains States South Dakota
65%
Canadian Provinces British Columbia
64%
Landlocked Asian Countries Kyrgyzstan
64%
Great Plains States Nebraska
64%
University of California Campuses San Francisco
63%
Great Plains States Wyoming
62%
Great Plains States Montana
61%
Great Plains States Oklahoma
61%
Great Plains States Colorado
60%
University of California Campuses San Diego
59%
Great Plains States Texas
58%
Non-Euro EU Countries Denmark
56%
Canadian Provinces Prince Edward Island
56%
Canadian Provinces Manitoba
55%
Non-Euro EU Countries Poland
55%
Canadian Provinces Nova Scotia
54%
Canadian Provinces Saskatchewan
54%
Non-Euro EU Countries Romania
53%
Non-Euro EU Countries Croatia
52%
Non-Euro EU Countries Bulgaria
51%
Non-Euro EU Countries Hungary
51%
Great Plains States New Mexico
47%
Global Cities Sydney
47%
Canadian Provinces New Brunswick
46%
Global Cities Shanghai
44%
Non-Euro EU Countries Czech Republic
39%
Global Cities Hong Kong
39%
Global Cities Singapore
39%
University of California Campuses Berkeley
37%
Non-Euro EU Countries Lithuania
36%
Global Cities Chicago
33%
University of California Campuses Santa Barbara
27%
Global Cities Dubai
24%
University of California Campuses Davis
19%
University of California Campuses Irvine
19%
University of California Campuses Riverside
15%
University of California Campuses Santa Cruz
13%
University of California Campuses Merced
7%
No matching quizzes found
Score Distribution
Percent of People with Each Score
Percentile by Number Answered
Your Score History
You have not taken this quiz